Coldest Canadian Cities - Statistics

General Stats
  • This quiz has been taken 39 times
  • The average score is 6 of 10
Answer Stats
Average Temperature (°C) Province Answer % Correct
-15.4 Quebec Quebec City
90%
-19.2 Manitoba Winnipeg
90%
-16.5 Saskatchewan Saskatoon
81%
-13.4 Alberta Edmonton
74%
-18.2 Saskatchewan Regina
74%
-18.1 Ontario Thunder Bay
52%
-15.5 Ontario Sudbury
39%
-18.3 Quebec Saguenay
26%
-15.4 Quebec Sherbrooke
23%
-14.5 Quebec Trois-Rivières
19%
No matching quizzes found
Score Distribution
Percent of People with Each Score
Percentile by Number Answered
Your Score History
You have not taken this quiz